Field of dreams (Record no. 77477)
[ view plain ]
| 000 -LEADER | |
|---|---|
| fixed length control field | 00918cab a2200181 4500 |
| 001 - CONTROL NUMBER | |
| control field | ##L134359 |
| 008 - FIXED-LENGTH DATA ELEMENTS--GENERAL INFORMATION | |
| fixed length control field | 060731n2006 000 0 eng u |
| 035 ## - SYSTEM CONTROL NUMBER | |
| System control number | (Sirsi) u134359 |
| 041 0# - LANGUAGE CODE | |
| Language code of text/sound track or separate title | eng |
| 245 00 - TITLE STATEMENT | |
| Title | Field of dreams |
| 260 ## - PUBLICATION, DISTRIBUTION, ETC. | |
| Date of publication, distribution, etc. | 2006 |
| 490 #0 - SERIES STATEMENT | |
| Series statement | Economist |
| Volume/sequential designation | 380(8488) 29 July 2006, 27-28(2) |
| 520 ## - SUMMARY, ETC. | |
| Summary, etc. | Comments on the new type of suburb typified by Upton and Poundbury, traditionalist developments with densely packed houses and old-style architecture. Discusses why planners and the UK government are keen on developing more of these suburbs, rather than the usual semi-detached, two-storey homes on roads laid out with roundabouts and cul-de-sacs. Argues that a slump in the housing market will prove that these suburbs are not popular with buyers. |
| 590 ## - LOCAL NOTE (RLIN) | |
| Local note | IKA010806 |
| 651 #4 - SUBJECT ADDED ENTRY--GEOGRAPHIC NAME | |
| Geographic name | England |
| Chronological subdivision | 886- |
| 690 ## - LOCAL SUBJECT ADDED ENTRY--TOPICAL TERM (OCLC, RLIN) | |
| Topical term or geographic name as entry element | PROPERTY-RESIDENTIAL PROPERTY-DOMESTIC RESIDENTIAL PROPERTY-HOUSING |
| 942 ## - ADDED ENTRY ELEMENTS (KOHA) | |
| Suppress in OPAC | 0 |
| Withdrawn status | Lost status | Source of classification or shelving scheme | Damaged status | Not for loan | Home library | Current library | Shelving location | Date acquired | Total Checkouts | Full call number | Barcode | Date last seen | Copy number | Price effective from | Koha item type |
|---|---|---|---|---|---|---|---|---|---|---|---|---|---|---|---|
| Dewey Decimal Classification | London | London | Journal article | 31/07/2006 | L134359 | 134359-1001 | 06/08/2019 | 1 | 06/08/2019 | Journal article |